| 000 | 00406nam a22001457a 4500 | ||
|---|---|---|---|
| 003 | macl | ||
| 005 | 20170707124344.0 | ||
| 008 | 170707b xxu||||| |||| 00| 0 eng d | ||
| 040 | _cmacl | ||
| 100 |
_aSharma, Raghav Sharan and Aditya _968096 |
||
| 245 | _aSwami Sahajanand Saraswati : A Biographical Study | ||
| 260 |
_aDelhi _bSandarbh prakashan _c2016 |
||
| 650 |
_aBiography _968097 |
||
| 942 |
_2ddc _cBK |
||
| 999 |
_c56720 _d56720 |
||